000 00507nam a2200193 a 4500
001 1757824957252
003 YourLibrary
005 20250915121406.0
008 250914s1999##################000#0#eng##
020 _a9780881633030
082 0 4 _a150.195
_bMOO
100 1 _aMoore, Richard,
_eauthor.
245 1 0 _aThe Creation of Reality in Psychoanalysis :
260 _bRoutledge,
_c1999.
300 _a190 pages
650 0 _aPsychology.
942 _cENGLISH
040 _aYourLibrary
_beng
_cYourLibrary
999 _c587027
_d587027